Governing Britain (Record no. 44826)

MARC details
000 -LEADER
fixed length control field 00642nam a2200193 a 4500
008 - FIXED-LENGTH DATA ELEMENTS--GENERAL INFORMATION
fixed length control field 120416s1985 ||||||||||||||||| || u
020 ## - INTERNATIONAL STANDARD BOOK NUMBER
International Standard Book Number 0006860869
050 ## - LIBRARY OF CONGRESS CALL NUMBER
Classification number JN 318 Han
100 ## - MAIN ENTRY--PERSONAL NAME
Personal name Hanson, A. H
245 10 - TITLE STATEMENT
Title Governing Britain
246 ## - VARYING FORM OF TITLE
Title proper/short title a guide to political institutions
250 ## - EDITION STATEMENT
Edition statement 4th ed.
260 ## - PUBLICATION, DISTRIBUTION, ETC.
Place of publication, distribution, etc. London
Name of publisher, distributor, etc. Fontana P
Date of publication, distribution, etc. 1984[1985]
300 ## - PHYSICAL DESCRIPTION
Extent xiii, 367p. : ill.
350 ## - PRICE (NR) (BK AM CF MU VM SE) [OBSOLETE]
Price 0.00
650 ## - SUBJECT ADDED ENTRY--TOPICAL TERM
Topical term or geographic name entry element GOVERNMENT
650 ## - SUBJECT ADDED ENTRY--TOPICAL TERM
Topical term or geographic name entry element POLITICAL INSTITUTIONS--GREAT BRITAIN
995 ## - RECOMMENDATION 995 [LOCAL, UNIMARC FRANCE]
-- 0.00
-- CBU-MAIN LIBRARY (Kitwe)
-- 1
-- 3.95
-- 1
-- AVAILABLE
-- Annex Low-Usage Collection
Holdings
Withdrawn status Lost status Source of classification or shelving scheme Damaged status Not for loan Home library Current library Shelving location Date acquired Total Checkouts Full call number Barcode Date last seen Price effective from Koha item type
          CBU-MAIN LIBRARY, KITWE. CBU-MAIN LIBRARY, KITWE.   11/30/2022   JN 318 Han 008985 11/30/2022 11/30/2022 MONOGRAPH